El mundo de Gershwin / (Record no. 18562)

MARC details
000 -LEADER
campo de control de longitud fija 00700nam a2200241 i 4500
001 - NÚMERO DE CONTROL
campo de control 18562
003 - IDENTIFICADOR DE NÚMERO DE CONTROL
campo de control ES-MaACL
005 - FECHA Y HORA DE LA ÚLTIMA TRANSACCIÓN
campo de control 20230906151852.0
007 - CAMPO FIJO DE DESCRIPCIÓN FÍSICA--INFORMACIÓN GENERAL
campo de control de longitud fija t|
008 - DATOS DE LONGITUD FIJA--INFORMACIÓN GENERAL
campo de control de longitud fija 011031s2000 ag ||||1| spa d
020 ## - NÚMERO INTERNACIONAL ESTÁNDAR DEL LIBRO
Número Internacional Estándar del Libro 987-9396-44-8
080 ## - NÚMERO DE LA CLASIFICACIÓN DECIMAL UNIVERSAL
Número de la Clasificación Decimal Universal 929 Gershwin, George
080 ## - NÚMERO DE LA CLASIFICACIÓN DECIMAL UNIVERSAL
Número de la Clasificación Decimal Universal 78 Gershwin, George
100 1# - ENTRADA PRINCIPAL--NOMBRE DE PERSONA
Nombre de persona Jablonski, Edward.
9 (RLIN) 65789
245 13 - MENCIÓN DEL TÍTULO
Título El mundo de Gershwin /
Mención de responsabilidad, etc. Edward Jablonski.
260 ## - PUBLICACIÓN, DISTRIBUCIÓN, ETC.
Lugar de publicación, distribución, etc. Buenos Aires :
Nombre del editor, distribuidor, etc. Adriana Hidalgo,
Fecha de publicación, distribución, etc. [2000]
300 ## - DESCRIPCIÓN FÍSICA
Extensión 271 p. :
Otras características físicas fot. ;
Dimensiones 20 cm.
490 1# - MENCIÓN DE SERIE
Mención de serie Los sentidos / música
600 14 - PUNTO DE ACCESO ADICIONAL DE MATERIA--NOMBRE DE PERSONA
Nombre de persona Gershwin, George.
9 (RLIN) 56501
830 0# - PUNTO DE ACCESO ADICIONAL DE SERIE-TÍTULO UNIFORME
Título uniforme Los sentidos / música
9 (RLIN) 228813
852 ## - LOCALIZACIÓN
Ubicación ES-MaACL
Número de control de estantería L-25134
Sublocalización o colección R.130506
Holdings
Estatus retirado Estado de pérdida Estado de daño No para préstamo Biblioteca de origen Biblioteca actual Ubicación en estantería Fecha de adquisición Fuente de adquisición Total de préstamos Signatura topográfica completa Código de barras Visto por última vez Precio de reemplazo Tipo de ítem Koha
        Biblioteca del Ateneo de Madrid Biblioteca del Ateneo de Madrid Depósito 2 17/01/2008     L-25134 1018995 23/02/2023 23/02/2023 Libro impreso